|
|
|
|
| LEADER |
00000nam0a2200000 4500 |
| 001 |
203390 |
| 005 |
20231031185619.0 |
| 020 |
|
|
|a RU
|b 91-21789
|
| 035 |
|
|
|a (RuTPU)RU\TPU\book\221644
|
| 090 |
|
|
|a 203390
|
| 100 |
|
|
|a 20111105d1991 k a0rusy5003 ca
|
| 101 |
0 |
|
|a rus
|
| 102 |
|
|
|a BY
|
| 105 |
|
|
|a a z 001zy
|
| 200 |
1 |
|
|a Создание САПР технологической подготовки производства в составе ИАСУ предприятием
|e сборник научных трудов
|f под ред. С. Б. Михалева, В. И. Сержановича
|
| 210 |
|
|
|a Минск
|c НПО "Центрсистем"
|d 1991
|
| 215 |
|
|
|a 79,[1] с., [6] л. ил.
|c ил.
|d 20 см
|
| 320 |
|
|
|a Библиогр.: с. 80.
|
| 610 |
1 |
|
|a технологическое проектирование
|
| 610 |
1 |
|
|a автоматизированные системы проектирования
|
| 610 |
1 |
|
|a автоматизация
|
| 610 |
1 |
|
|a САПР
|
| 610 |
1 |
|
|a создание
|
| 610 |
1 |
|
|a технологические процессы
|
| 675 |
|
|
|a 658.512.2.011.56
|z rus
|
| 702 |
|
1 |
|a Михалев
|b С. Б.
|g Стефан Борисович
|4 340
|
| 702 |
|
1 |
|a Сержанович
|b В. И.
|4 340
|
| 801 |
|
0 |
|a RU
|b RuMRKP
|c 19960705
|g psbo
|
| 801 |
|
1 |
|a RU
|b 63413507
|c 20111105
|
| 801 |
|
2 |
|a RU
|b 63413507
|c 20111110
|g RCR
|
| 942 |
|
|
|c BK
|